书目信息 |
| 题名: |
高等数学
|
|
| 作者: | 杨海涛 主编 | |
| 分册: | 下册 理工类 | |
| 出版信息: | 上海 同济大学出版社 2007.09 |
|
| 页数: | 276页 | |
| 开本: | 23cm | |
| 丛书名: | ||
| 单 册: | ||
| 中图分类: | O13 | |
| 科图分类: | ||
| 主题词: | 高等数学--gao deng shu xue--高等学校--教材 | |
| 电子资源: | ||
| ISBN: | 978-7-5608-3526-6 | |
| 000 | 00902nam0 2200265 450 | |
| 001 | 012008315326 | |
| 005 | 20080107161308.78 | |
| 010 | @a978-7-5608-3526-6@dCNY25.00 | |
| 100 | @a20080107d2007 em y0chiy0120 ea | |
| 101 | 0 | @achi |
| 102 | @aCN@b310000 | |
| 105 | @ay a 000yy | |
| 106 | @ar | |
| 200 | 1 | @a高等数学@Agao deng shu xue@i理工类@h下册@f杨海涛主编@Fyang hai tao zhu bian |
| 210 | @a上海@c同济大学出版社@d2007.09 | |
| 215 | @a276页@d23cm | |
| 300 | @a面向21世纪普通高等教育规划教材 | |
| 320 | @a有书目。 | |
| 330 | @a本书分上下两册。下册分四章,内容包括多元函数微分学、积分学,无穷级数和微分方程,附录包括数学建模与数学实验。每册书后附有习题答案与提示。 | |
| 517 | 1 | @a理工类@Ali gong lei |
| 606 | 0 | @a高等数学@Agao deng shu xue@x高等学校@j教材 |
| 690 | @aO13@v4 | |
| 701 | 0 | @a杨海涛@Ayang hai tao@4主编 |
| 801 | 0 | @aCN@bQSSK@c20080107 |
| 905 | @b275693-97@dO13@eY196:2@f5 | |
| 高等数学.理工类.下册/杨海涛主编.-上海:同济大学出版社,2007.09 |
| 276页;23cm |
| 面向21世纪普通高等教育规划教材 |
| ISBN 978-7-5608-3526-6:CNY25.00 |
| 本书分上下两册。下册分四章,内容包括多元函数微分学、积分学,无穷级数和微分方程,附录包括数学建模与数学实验。每册书后附有习题答案与提示。 |
| ● |
| 相关链接 |
|
|
|
正题名:高等数学
索取号:O13/Y196:2
 
预约/预借
| 序号 | 登录号 | 条形码 | 馆藏地/架位号 | 状态 | 备注 |
| 1 | 275693 | 202756936 | 自科库401/401自科库 107排8列2层/ [索取号:O13/Y196:2] | 在馆 | |
| 2 | 275694 | 202756945 | 自科二线504/504自科库 9排4列2层/ [索取号:O13/Y196:2] | 在馆 | |
| 3 | 275695 | 202756954 | 自科库401/401自科库 107排8列2层/ [索取号:O13/Y196:2] | 在馆 | |
| 4 | 275696 | 202756963 | 自科二线504/504自科库 9排4列2层/ [索取号:O13/Y196:2] | 在馆 | |
| 5 | 275697 | 202756972 | 自科库401/401自科库 107排8列2层/ [索取号:O13/Y196:2] | 在馆 |